Royal Caribbean Ships - Statistics

General Stats
  • This quiz has been taken 51 times
  • The average score is 15 of 26
Answer Stats
Ships % Correct
Allure of the Seas
83%
Harmony of the Seas
80%
Symphony of the Seas
80%
Oasis of the Seas
78%
Adventure of the Seas
70%
Freedom of the Seas
65%
Anthem of the Seas
63%
Liberty of the Seas
60%
Jewel of the Seas
58%
Quantum of the Seas
58%
Brilliance of the Seas
55%
Radiance of the Seas
55%
Serenade of the Seas
53%
Grandeur of the Seas
50%
Enchantment of the Seas
48%
Independence of the Seas
48%
Mariner of the Seas
48%
Navigator of the Seas
48%
Ovation of the Seas
48%
Rhapsody of the Seas
48%
Vision of the Seas
48%
Voyager of the Seas
48%
Explorer of the Seas
45%
Spectrum of the Seas
43%
Empress of the Seas
40%
Majesty of the Seas
40%
No matching quizzes found
Score Distribution
Percent of People with Each Score
Percentile by Number Answered
Your Score History
You have not taken this quiz